True stories of the second world war / (Record no. 33933)
[ view plain ]
| 000 -LEADER | |
|---|---|
| fixed length control field | 01043cam a2200349 a 4500 |
| 001 - CONTROL NUMBER | |
| control field | 14370522 |
| 003 - CONTROL NUMBER IDENTIFIER | |
| control field | OSt |
| 005 - DATE AND TIME OF LATEST TRANSACTION | |
| control field | 20140310184351.0 |
| 008 - FIXED-LENGTH DATA ELEMENTS--GENERAL INFORMATION | |
| fixed length control field | 060509r20052003nyuab j b 000 0 eng d |
| 010 ## - LIBRARY OF CONGRESS CONTROL NUMBER | |
| LC control number | 2006276183 |
| 020 ## - INTERNATIONAL STANDARD BOOK NUMBER | |
| International Standard Book Number | 0439791278 |
| 035 ## - SYSTEM CONTROL NUMBER | |
| System control number | (OCoLC)ocm61821939 |
| 040 ## - CATALOGING SOURCE | |
| Original cataloging agency | BVD |
| Transcribing agency | BVD |
| Modifying agency | IHI |
| -- | DLC |
| 042 ## - AUTHENTICATION CODE | |
| Authentication code | lccopycat |
| 050 00 - LIBRARY OF CONGRESS CALL NUMBER | |
| Classification number | D 743.7 |
| Item number | .D68 2005 |
| 100 1# - MAIN ENTRY--PERSONAL NAME | |
| Personal name | Dowswell, Paul. |
| 9 (RLIN) | 22161 |
| 245 10 - TITLE STATEMENT | |
| Title | True stories of the second world war / |
| Statement of responsibility, etc | Paul Dowswell. |
| 260 ## - PUBLICATION, DISTRIBUTION, ETC. (IMPRINT) | |
| Place of publication, distribution, etc | New York : |
| Name of publisher, distributor, etc | Scholastic Inc., |
| Date of publication, distribution, etc | 2005 |
| 300 ## - PHYSICAL DESCRIPTION | |
| Extent | 169 p. : |
| Other physical details | ill. ; |
| Dimensions | 20 cm. |
| 521 ## - TARGET AUDIENCE NOTE | |
| Target audience note | |
| 526 ## - STUDY PROGRAM INFORMATION NOTE | |
| Reading level | 1110 |
| 650 #0 - SUBJECT ADDED ENTRY--TOPICAL TERM | |
| Topical term or geographic name as entry element | World War, 1939-1945 |
| Form subdivision | Juvenile literature. |
| 9 (RLIN) | 25082 |
| 650 #1 - SUBJECT ADDED ENTRY--TOPICAL TERM | |
| Topical term or geographic name as entry element | World War, 1939-1945. |
| 9 (RLIN) | 25083 |
| 906 ## - LOCAL DATA ELEMENT F, LDF (RLIN) | |
| a | 7 |
| b | cbc |
| c | copycat |
| d | 2 |
| e | ncip |
| f | 20 |
| g | y-gencatlg |
| 942 ## - ADDED ENTRY ELEMENTS (KOHA) | |
| Source of classification or shelving scheme | Library of Congress Classification |
| Koha item type | |
| Withdrawn status | Lost status | Source of classification or shelving scheme | Damaged status | Home library | Current library | Shelving location | Date acquired | Total Checkouts | Total Renewals | Full call number | Barcode | Date last seen | Date checked out | Copy number | Price effective from | Koha item type |
|---|---|---|---|---|---|---|---|---|---|---|---|---|---|---|---|---|
| Library of Congress Classification | Luxembourg Library | Luxembourg Library | Scholastic Reading Center Section | 10/07/2013 | 2 | 9 | D 743.7 .D68 2005 | LEX2466 | 05/03/2019 | 04/10/2019 | 1 | 10/07/2013 | Books | |||
| Library of Congress Classification | Luxembourg Library | Luxembourg Library | Scholastic Reading Center Section | 10/08/2013 | 1 | D 743.7 .D68 2005 | LEX0411 | 09/20/2017 | 09/18/2017 | 2 | 01/30/2014 | Books | ||||
| Library of Congress Classification | Luxembourg Library | Luxembourg Library | Scholastic Reading Center Section | 10/10/2013 | D 743.7 .D68 2005 | LEX0648 | 04/18/2017 | 3 | 10/10/2013 | Books | ||||||
| Library of Congress Classification | Luxembourg Library | Luxembourg Library | Scholastic Reading Center Section | 10/12/2013 | D 743.7 .D68 2005 | SCHO0479 | 04/18/2017 | 4 | 10/12/2013 | Books | ||||||
| Library of Congress Classification | Luxembourg Library | Luxembourg Library | Scholastic Reading Center Section | 10/16/2013 | D 743.7 .D68 2005 | SCHO0070 | 04/18/2017 | 5 | 10/16/2013 | Books |